[Event "Hotel Stockholm North by First hotels young talents -GM tournament"]
[Site "Johanneslundsvaegen 12, 194 61 Upplands Vaesby, Sweden"]
[Date "2025.02.17"]
[Round "1"]
[Board "1"]
[White "Bilovil, Bogdan"]
[Black "Kanyamarala, Tarun"]
[Result "1-0"]
[WhiteElo "2465"]
[BlackElo "2396"]
[PlyCount "0"]
[EventDate "2025.02.17"]
[EventRounds "9"]
[EventCountry "SWE"]

1. Nf3 d5 2. e3 Nf6 3. c4 e6 4. Nc3 b6 5. b3 Bb7 6. Bb2 a6 7. cxd5 exd5 8. d4 Bd6
9. g3 O-O 10. Bg2 Nbd7 11. O-O Re8 12. Rc1 Qe7 13. Rc2 Rad8 14. Qa1 Nf8 15. Ne2 Ne6
16. Nf4 Ne4 17. Qd1 Qf8 18. Ne5 c5 19. Ned3 Nc7 20. Qc1 g5 21. dxc5 bxc5 22. Nh5
Qh6 23. g4 d4 24. exd4 Nd5 25. Nxc5 Bc8 26. Nxe4 Bxg4 27. Qxg5+ Qxg5 28. Nxg5 Bxh5
29. Bxd5 Be7 30. Bf3 Bg6 31. Ne4  1-0

[Event "Hotel Stockholm North by First hotels young talents -GM tournament"]
[Site "Johanneslundsvaegen 12, 194 61 Upplands Vaesby, Sweden"]
[Date "2025.02.17"]
[Round "1"]
[Board "2"]
[White "Kazakouski, Valery"]
[Black "Miezis, Normunds"]
[Result "1-0"]
[WhiteElo "2538"]
[BlackElo "2397"]
[PlyCount "0"]
[EventDate "2025.02.17"]
[EventRounds "9"]
[EventCountry "SWE"]

1. e4 c5 2. Nf3 e6 3. d4 cxd4 4. Nxd4 a6 5. Bd3 g6 6. Nc3 Bg7 7. Be3 Nc6 8. Be2 d5
9. exd5 exd5 10. Qd2 Nge7 11. O-O-O O-O 12. Nxc6 bxc6 13. g4 Rb8 14. Bd4 Bxd4 15.
Qxd4 f5 16. Qe5 Bd7 17. f3 g5 18. Qd6 fxg4 19. fxg4 Rf4 20. Rhf1 Bxg4 21. Qxd8+ Rxd8
22. Rxf4 Bxe2 23. Rg1 Bh5 24. Rxg5+ Bg6 25. Re5 Nc8 26. h4 Nd6 27. Ne2 Nf7 28. Re6
c5 29. Ng3 Nd6 30. h5 Bf7 31. Ref6 d4 32. Nf5 Nxf5 33. R4xf5 Bxa2 34. Rxa6 Bc4 35.
Rg5+ Kf7 36. Ra7+ Kf6 37. Rxc5 Bd5 38. Rxh7 Ke5 39. Rg7 Kf4 40. h6 Be4 41. h7 Ra8
42. Kd2  1-0

[Event "Hotel Stockholm North by First hotels young talents -GM tournament"]
[Site "Johanneslundsvaegen 12, 194 61 Upplands Vaesby, Sweden"]
[Date "2025.02.17"]
[Round "1"]
[Board "3"]
[White "Trost, Edvin"]
[Black "Peng, Li Min"]
[Result "1/2-1/2"]
[WhiteElo "2462"]
[BlackElo "2512"]
[PlyCount "0"]
[EventDate "2025.02.17"]
[EventRounds "9"]
[EventCountry "SWE"]

1. e4 g6 2. d4 Bg7 3. Nf3 d6 4. Be2 Nf6 5. Nc3 O-O 6. O-O a6 7. Re1 b5 8. e5 Ne8
9. a4 bxa4 10. Rxa4 Nd7 11. exd6 cxd6 12. Bg5 Nb6 13. Ra2 Bb7 14. Qd2 Nc7 15. Bh6
Qd7 16. Qf4 Ne6 17. Qh4 Bf6 18. Bg5 Bxf3 19. Bxf6 Bxe2 20. Bxe7 Rfe8 21. Rxe2 Qxe7
 1/2-1/2

[Event "Hotel Stockholm North by First hotels young talents -GM tournament"]
[Site "Johanneslundsvaegen 12, 194 61 Upplands Vaesby, Sweden"]
[Date "2025.02.17"]
[Round "1"]
[Board "4"]
[White "Rohith, Krishna S"]
[Black "Seo, Jung Min"]
[Result "1/2-1/2"]
[WhiteElo "2481"]
[BlackElo "2495"]
[PlyCount "0"]
[EventDate "2025.02.17"]
[EventRounds "9"]
[EventCountry "SWE"]

1. d4 Nf6 2. c4 e6 3. Nf3 d5 4. Nc3 c5 5. e3 a6 6. cxd5 exd5 7. Be2 Nc6 8. O-O Bd6
9. dxc5 Bxc5 10. a3 Ba7 11. b4 d4 12. exd4 Nxd4 13. Be3 Nxe2+ 14. Qxe2 O-O 15. Bxa7
Rxa7 16. Rfd1 Qe8 17. Rd6 Qxe2 18. Nxe2 Bg4 19. Ned4 Bxf3 20. Nxf3 Rc8 21. Rad1 Raa8
22. h3 h6 23. Ne5 a5 24. bxa5 Rxa5 25. Rd8+ Rxd8 26. Rxd8+ Kh7 27. Nxf7 Rxa3 28.
Rb8 Ra1+ 29. Kh2 Ra2 30. f4 Rf2 31. Rxb7 Rxf4 32. Nd6 Rf1 33. g4 Rd1 34. Nf5 Rd7
35. Rxd7 Nxd7 36. Kg3 Kg6 37. Nh4+ Kf7 38. Nf3 Nf6 39. g5 hxg5 40. Nxg5+ Kg8 41.
Ne6 Kf7 42. Nxg7 Kxg7 43. h4 Kg8 44. h5 Nxh5+  1/2-1/2

[Event "Hotel Stockholm North by First hotels young talents -GM tournament"]
[Site "Johanneslundsvaegen 12, 194 61 Upplands Vaesby, Sweden"]
[Date "2025.02.17"]
[Round "1"]
[Board "5"]
[White "Martinovici, Ilia"]
[Black "Sivuk, Vitaly"]
[Result "0-1"]
[WhiteElo "2477"]
[BlackElo "2510"]
[PlyCount "0"]
[EventDate "2025.02.17"]
[EventRounds "9"]
[EventCountry "SWE"]

1. d4 Nf6 2. c4 g6 3. Nc3 d5 4. cxd5 Nxd5 5. Bd2 Nb6 6. Nf3 Bg7 7. Bf4 O-O 8. e3
Be6 9. Rc1 c5 10. Be2 Nc6 11. dxc5 Bxc3+ 12. Rxc3 Nd5 13. Ra3 Nxf4 14. exf4 Qxd1+
15. Bxd1 Nb4 16. Ne5 Rfc8 17. Ra4 Nxa2 18. Nd3 a5 19. Bf3 Nb4 20. Nxb4 axb4 21. Rxa8
Rxa8 22. Kd2 Ra2 23. Rc1 Rxb2+ 24. Rc2 Rb1 25. Bxb7 b3 26. Rc1 Rb2+ 27. Ke3 Ra2 28.
c6 Bd5 29. g4 e6 30. f5 Kg7 31. fxe6 fxe6 32. g5 Kf7 33. Rb1 Rc2 34. Ba6 Rxc6 35.
Bd3 Rb6 36. f4 b2 37. Re1 Ba2 38. Bb1 Bxb1 39. Rxb1 Ke7 40. Kd3 Kd6 41. Kc4 e5  0-1

[Event "Hotel Stockholm North by First hotels young talents -GM tournament"]
[Site "Johanneslundsvaegen 12, 194 61 Upplands Vaesby, Sweden"]
[Date "2025.02.17"]
[Round "2"]
[Board "1"]
[White "Kanyamarala, Tarun"]
[Black "Sivuk, Vitaly"]
[Result "1/2-1/2"]
[WhiteElo "2396"]
[BlackElo "2510"]
[PlyCount "0"]
[EventDate "2025.02.17"]
[EventRounds "9"]
[EventCountry "SWE"]

1. d4 Nf6 2. c4 e6 3. Nc3 d5 4. Nf3 Bb4 5. Bg5 h6 6. Bxf6 Qxf6 7. Qb3 c5 8. cxd5
exd5 9. e3 Nc6 10. dxc5 Be6 11. Bb5 Bxc5 12. Nxd5 Bxd5 13. Qxd5 Bb4+ 14. Kf1 O-O
15. Qb3 Ba5 16. Ke2 Ne5 17. Nxe5 Qxe5 18. Rad1 Qh5+ 19. Kf1 Rfd8 20. Be2 Qe5 21.
g3 Rxd1+ 22. Bxd1 Qe4 23. f3 Qe5 24. Kg2 Rd8 25. Rf1 Bb6 26. f4 Rd2+ 27. Rf2 Qxe3
28. Qxe3 Bxe3 29. Rxd2 Bxd2  1/2-1/2

[Event "Hotel Stockholm North by First hotels young talents -GM tournament"]
[Site "Johanneslundsvaegen 12, 194 61 Upplands Vaesby, Sweden"]
[Date "2025.02.17"]
[Round "2"]
[Board "2"]
[White "Seo, Jung Min"]
[Black "Martinovici, Ilia"]
[Result "1-0"]
[WhiteElo "2495"]
[BlackElo "2477"]
[PlyCount "0"]
[EventDate "2025.02.17"]
[EventRounds "9"]
[EventCountry "SWE"]

1. e4 c5 2. Nf3 a6 3. c4 e6 4. a3 Nc6 5. Nc3 Nf6 6. d4 cxd4 7. Nxd4 Qc7 8. Be3 b6
9. Rc1 Bb7 10. Be2 Nxd4 11. Qxd4 Bc5 12. Qd3 O-O 13. O-O Rac8 14. b4 Bxe3 15. Qxe3
d6 16. Rfd1 Rfd8 17. f3 Nd7 18. Qd4 Ne5 19. Na4 Rb8 20. Qxb6 Qxb6+ 21. Nxb6 Bxe4
22. c5 Bb7 23. Rxd6 Rxd6 24. cxd6 g5 25. Rc5  1-0

[Event "Hotel Stockholm North by First hotels young talents -GM tournament"]
[Site "Johanneslundsvaegen 12, 194 61 Upplands Vaesby, Sweden"]
[Date "2025.02.17"]
[Round "2"]
[Board "3"]
[White "Peng, Li Min"]
[Black "Rohith, Krishna S"]
[Result "0-1"]
[WhiteElo "2512"]
[BlackElo "2481"]
[PlyCount "0"]
[EventDate "2025.02.17"]
[EventRounds "9"]
[EventCountry "SWE"]

1. e4 e5 2. Nf3 Nc6 3. Bc4 Bc5 4. c3 Nf6 5. d4 exd4 6. b4 Be7 7. e5 Ne4 8. b5 Na5
9. Qxd4 Nxc4 10. Qxe4 d5 11. Qf4 O-O 12. Nbd2 Nxd2 13. Bxd2 a6 14. b6 cxb6 15. O-O
f6 16. Rfe1 fxe5 17. Qxe5 Bf6 18. Qe3 Bd7 19. Ne5 Bf5 20. Nf3 Qd6 21. Nd4 Bd7 22.
Qg3 Qxg3 23. hxg3 b5 24. Reb1 Rab8 25. Rb3 Rfc8 26. Bf4 Ra8 27. Bd2 Rc4 28. a4 b4
29. Ne2 Rac8  0-1

[Event "Hotel Stockholm North by First hotels young talents -GM tournament"]
[Site "Johanneslundsvaegen 12, 194 61 Upplands Vaesby, Sweden"]
[Date "2025.02.17"]
[Round "2"]
[Board "4"]
[White "Miezis, Normunds"]
[Black "Trost, Edvin"]
[Result "1-0"]
[WhiteElo "2397"]
[BlackElo "2462"]
[PlyCount "0"]
[EventDate "2025.02.17"]
[EventRounds "9"]
[EventCountry "SWE"]

1. c4 e6 2. e4 d5 3. exd5 exd5 4. d4 Nf6 5. Nc3 Nc6 6. cxd5 Nxd5 7. Bb5 Be7 8. Nf3
O-O 9. O-O Bg4 10. h3 Bh5 11. Re1 Bb4 12. Bxc6 bxc6 13. Qd3 c5 14. Ne5 Re8 15. Bd2
cxd4 16. Nc6 Qh4 17. Nxd5 Bg6 18. Qf3 Bxd2 19. Nce7+ Kh8 20. Nxc7 Bxe1 21. Rxe1 d3
22. Nxe8 d2 23. Nxg6+ hxg6 24. Rd1 Rxe8 25. Rxd2 Qe7 26. Qf4 Kg8 27. Kh2 a5 28. b3
Qc5 29. Rd7 Rf8 30. h4 Qb5 31. Re7 Qc5 32. Re5 Qd6 33. g3 a4 34. Re8 Qc5 35. Rxf8+
Kxf8 36. bxa4 f6 37. Qe3 Qb4 38. Qa7 g5 39. hxg5 fxg5 40. a5 g4 41. a6 Qd6 42. Qa8+
Kf7 43. Qb7+ Kg6 44. a7 Kh5 45. a8=Q Qh6 46. Kg2 Qf6 47. Qh8+ Kg6 48. Qe4+  1-0

[Event "Hotel Stockholm North by First hotels young talents -GM tournament"]
[Site "Johanneslundsvaegen 12, 194 61 Upplands Vaesby, Sweden"]
[Date "2025.02.17"]
[Round "2"]
[Board "5"]
[White "Bilovil, Bogdan"]
[Black "Kazakouski, Valery"]
[Result "1/2-1/2"]
[WhiteElo "2465"]
[BlackElo "2538"]
[PlyCount "0"]
[EventDate "2025.02.17"]
[EventRounds "9"]
[EventCountry "SWE"]

1. d4 Nf6 2. c4 e6 3. Nf3 d5 4. Nc3 Bb4 5. Bg5 h6 6. Bxf6 Qxf6 7. e3 O-O 8. Rc1 c6
9. Qb3 Qe7 10. Bd3 Nd7 11. O-O f5 12. a3  1/2-1/2

[Event "Hotel Stockholm North by First hotels young talents -GM tournament"]
[Site "Johanneslundsvaegen 12, 194 61 Upplands Vaesby, Sweden"]
[Date "2025.02.18"]
[Round "3"]
[Board "1"]
[White "Kazakouski, Valery"]
[Black "Kanyamarala, Tarun"]
[Result "1-0"]
[WhiteElo "2538"]
[BlackElo "2396"]
[PlyCount "0"]
[EventDate "2025.02.17"]
[EventRounds "9"]
[EventCountry "SWE"]

1. e4 c5 2. Nf3 e6 3. d4 cxd4 4. Nxd4 a6 5. c4 Nf6 6. Nc3 Bb4 7. Qd3 d5 8. exd5 exd5
9. Be2 O-O 10. O-O Nc6 11. Nxc6 bxc6 12. cxd5 Nxd5 13. Nxd5 Qxd5 14. Qg3 Bd6 15.
Bf4 Bxf4 16. Qxf4 Be6 17. Rfc1 Qd7 18. h4 a5 19. b3 Rfd8 20. Bf3 Bd5 21. Rc3 Qe7
22. Bxd5 cxd5 23. Rd1 a4 24. bxa4 Qe8 25. Ra3 Ra5 26. Rd4 Rda8 27. h5 h6 28. g3 Qe1+
29. Kg2 Rc5 30. Re3 Qa1 31. Re7 Rf8 32. Qe5 Rc1 33. Re8 Rg1+ 34. Kf3 Qc3+ 35. Qe3
Qc6 36. Rxf8+ Kxf8 37. Qe5 Qc3+ 38. Kg4 Qc8+ 39. Qf5 Qa6 40. Qxd5 Qe2+ 41. f3 Kg8
42. Re4 Qf2 43. Re8+ Kh7 44. Qf5+  1-0

[Event "Hotel Stockholm North by First hotels young talents -GM tournament"]
[Site "Johanneslundsvaegen 12, 194 61 Upplands Vaesby, Sweden"]
[Date "2025.02.18"]
[Round "3"]
[Board "2"]
[White "Trost, Edvin"]
[Black "Bilovil, Bogdan"]
[Result "1/2-1/2"]
[WhiteElo "2462"]
[BlackElo "2465"]
[PlyCount "0"]
[EventDate "2025.02.17"]
[EventRounds "9"]
[EventCountry "SWE"]

1. d4 Nf6 2. c4 e6 3. g3 d5 4. Bg2 h6 5. Nf3 Bd6 6. O-O O-O 7. Nc3 Nc6 8. b3 dxc4
9. bxc4 e5 10. Nxe5 Nxe5 11. c5 Bxc5 12. dxc5 Qe7 13. Nd5 Nxd5 14. Qxd5 Rd8 15. Qe4
Qxc5 16. Bf4 Ng4 17. Rac1 Qh5 18. h4 Nf6 19. Qe7 Rd7 20. Qe3 c6 21. Rc5 Qg6 22. h5
Qh7 23. Re5 Rd8 24. Qb3 Bg4 25. Qxb7 Qc2 26. Qb1 Qxb1 27. Rxb1 Nxh5 28. Be3 Bxe2
29. Re1  1/2-1/2

[Event "Hotel Stockholm North by First hotels young talents -GM tournament"]
[Site "Johanneslundsvaegen 12, 194 61 Upplands Vaesby, Sweden"]
[Date "2025.02.18"]
[Round "3"]
[Board "3"]
[White "Rohith, Krishna S"]
[Black "Miezis, Normunds"]
[Result "1-0"]
[WhiteElo "2481"]
[BlackElo "2397"]
[PlyCount "0"]
[EventDate "2025.02.17"]
[EventRounds "9"]
[EventCountry "SWE"]

1. d4 Nf6 2. c4 e6 3. Nf3 Bb4+ 4. Nbd2 d5 5. Qa4+ Nc6 6. a3 Bxd2+ 7. Bxd2 Ne4 8.
e3 O-O 9. Qc2 a5 10. Bd3 f5 11. b3 Bd7 12. O-O Be8 13. Bc1 Rf6 14. Nd2 Rh6 15. f4
Nxd2 16. Bxd2 dxc4 17. Qxc4 Ne7 18. b4 axb4 19. axb4 Rxa1 20. Rxa1 Bc6 21. Rc1 Qe8
22. Bf1 Nd5 23. b5 Bd7 24. Qa4 Rf6 25. Bd3 h5 26. Rb1 h4 27. h3 Rg6 28. e4 Rg3 29.
Qc2 Qg6 30. Bc1 fxe4 31. Bxe4 Qf6 32. Bb2 Bxb5 33. f5 Ne3 34. Qxc7 Qg5 35. Qc8+ Kh7
36. fxe6+ Nf5 37. Qc1 Re3 38. e7 g6 39. Bxf5 gxf5 40. Ba3 Bc6 41. d5 Bxd5 42. Rb2
Qg3 43. Bb4 Bc6 44. Qc4 Re4 45. Qf7+ Qg7 46. Qxf5+ Qg6 47. Qf2 Qg5 48. Qf7+ Qg7 49.
Qf5+ Qg6 50. Qf2 Qe6 51. Qc5 Re5 52. Qd4 Re4 53. Qd3 Qg6 54. Qf1 Qe6 55. Bc3  1-0

[Event "Hotel Stockholm North by First hotels young talents -GM tournament"]
[Site "Johanneslundsvaegen 12, 194 61 Upplands Vaesby, Sweden"]
[Date "2025.02.18"]
[Round "3"]
[Board "4"]
[White "Martinovici, Ilia"]
[Black "Peng, Li Min"]
[Result "1/2-1/2"]
[WhiteElo "2477"]
[BlackElo "2512"]
[PlyCount "0"]
[EventDate "2025.02.17"]
[EventRounds "9"]
[EventCountry "SWE"]

1. Nf3 d5 2. e3 Nf6 3. c4 e6 4. b3 a6 5. Bb2 Bd6 6. Qc2 c5 7. cxd5 exd5 8. d4 cxd4
9. Nxd4 O-O 10. Nd2 Re8 11. Bd3 Nbd7 12. Nf5 Bf8 13. O-O Ne5 14. Rfd1 g6 15. Ng3
Bg4 16. Be2 Rc8 17. Qb1 Bd6 18. Bxg4 Nexg4 19. Ndf1 Qe7 20. h3 Bxg3 21. hxg4 Bxf2+
22. Kxf2 Ne4+ 23. Kg1 Qh4 24. Rc1 Qf2+ 25. Kh1 Qh4+ 26. Kg1 Qf2+ 27. Kh1  1/2-1/2

[Event "Hotel Stockholm North by First hotels young talents -GM tournament"]
[Site "Johanneslundsvaegen 12, 194 61 Upplands Vaesby, Sweden"]
[Date "2025.02.18"]
[Round "3"]
[Board "5"]
[White "Sivuk, Vitaly"]
[Black "Seo, Jung Min"]
[Result "1/2-1/2"]
[WhiteElo "2510"]
[BlackElo "2495"]
[PlyCount "0"]
[EventDate "2025.02.17"]
[EventRounds "9"]
[EventCountry "SWE"]

1. Nf3 Nf6 2. c4 b6 3. d4 Bb7 4. Bf4 e6 5. a3 Be7 6. Nc3 Ne4 7. Nxe4 Bxe4 8. e3 d6
9. Bd3 Bxd3 10. Qxd3 Nd7 11. O-O O-O 12. e4 a5 13. Rad1 a4 14. Rfe1 Qc8 15. h4 Rd8
16. Qc2 Bf8 17. e5 h6 18. d5 Nxe5 19. Nxe5 dxe5 20. Bxe5 exd5 21. cxd5 Bd6 22. Bxd6
Rxd6 23. Re7 Rd7 24. Re4 Qd8 25. Rxa4  1/2-1/2

[Event "Hotel Stockholm North by First hotels young talents -GM tournament"]
[Site "Johanneslundsvaegen 12, 194 61 Upplands Vaesby, Sweden"]
[Date "2025.02.18"]
[Round "4"]
[Board "1"]
[White "Kanyamarala, Tarun"]
[Black "Seo, Jung Min"]
[Result "1-0"]
[WhiteElo "2396"]
[BlackElo "2495"]
[PlyCount "0"]
[EventDate "2025.02.17"]
[EventRounds "9"]
[EventCountry "SWE"]

1. d4 Nf6 2. c4 e6 3. Nc3 Bb4 4. e3 b6 5. Bd2 Bb7 6. Nf3 O-O 7. Bd3 d5 8. cxd5 exd5
9. O-O Bd6 10. Qb1 a6 11. b4 Qe7 12. b5 Nbd7 13. a4 c6 14. bxc6 Bxc6 15. Qb3 Rfc8
16. Rfb1 g6 17. Na2 Bb7 18. Bb4 Rc7 19. Bxd6 Qxd6 20. Nb4 Ne4 21. Rc1 Rac8 22. Rxc7
Qxc7 23. Nxd5 Bxd5 24. Qxd5 Qc3 25. Rf1 Qxd3 26. Qxd7 Qc4 27. h3 Nc3 28. Ra1 Rf8
29. Ne5 Qe2 30. Qc6 Qb2 31. Rf1 b5 32. axb5 Ne2+ 33. Kh2 Qxb5 34. Ra1 Qb8 35. Qxa6
Nc3 36. Kg1 Qb2 37. Qa3 Qc2 38. Rf1 Rb8 39. Qa7 Rf8 40. Qa6 Qb2 41. Nd7 Rd8 42. Nf6+
Kg7 43. Ng4 Nd5 44. Qa1 Qd2 45. Rd1 Qc2 46. Qc1 Qa4 47. Re1 Qb4 48. Re2 Ra8 49. Rb2
Qa3 50. Rb1 Qd3 51. Ne5 Qa6 52. Qc4 Qxc4 53. Nxc4 Nc3 54. Rb7 Ra1+ 55. Kh2 Ra2 56.
Rb2 Ra7 57. Ne5 f6 58. Nd3 g5 59. Nc5 Kg6 60. g4 h5 61. Kg2 hxg4 62. hxg4 Ra1 63.
Rc2 Nd5 64. Ne4 Ra6 65. Ng3 Ne7 66. Rc7 Re6 67. Rd7  1-0

[Event "Hotel Stockholm North by First hotels young talents -GM tournament"]
[Site "Johanneslundsvaegen 12, 194 61 Upplands Vaesby, Sweden"]
[Date "2025.02.18"]
[Round "4"]
[Board "3"]
[White "Miezis, Normunds"]
[Black "Martinovici, Ilia"]
[Result "1-0"]
[WhiteElo "2397"]
[BlackElo "2477"]
[PlyCount "0"]
[EventDate "2025.02.17"]
[EventRounds "9"]
[EventCountry "SWE"]

1. c4 e6 2. e4 d5 3. exd5 exd5 4. d4 Bb4+ 5. Nc3 Nc6 6. c5 Nge7 7. Bb5 O-O 8. Nge2
b6 9. O-O a6 10. Bxc6 Nxc6 11. Nb1 bxc5 12. a3 Ba5 13. dxc5 Qf6 14. Ra2 Bf5 15. b4
d4 16. Bb2 Qe6 17. Ra1 d3 18. Nd4 Nxd4 19. Bxd4 Rad8 20. Be3 Bg4 21. Qc1 Be2 22.
Re1 f5 23. Nc3 f4 24. Bxf4 Rxf4 25. Qxf4 d2 26. f3 dxe1=Q+ 27. Rxe1 Qb3 28. Nxe2
Qxa3 29. Qc4+ Kh8 30. bxa5 Qxa5 31. Nc3  1-0

[Event "Hotel Stockholm North by First hotels young talents -GM tournament"]
[Site "Johanneslundsvaegen 12, 194 61 Upplands Vaesby, Sweden"]
[Date "2025.02.18"]
[Round "4"]
[Board "4"]
[White "Bilovil, Bogdan"]
[Black "Rohith, Krishna S"]
[Result "1/2-1/2"]
[WhiteElo "2465"]
[BlackElo "2481"]
[PlyCount "0"]
[EventDate "2025.02.17"]
[EventRounds "9"]
[EventCountry "SWE"]

1. e4 e5 2. Nf3 Nc6 3. Bc4 Bc5 4. d3 Nf6 5. Nc3 h6 6. O-O d6 7. Na4 Bb6 8. a3 O-O
9. Nxb6 axb6 10. c3 Re8 11. Bb3 Be6 12. Bc2 d5 13. d4 Bg4 14. exd5 Qxd5 15. dxe5
Bxf3 16. Qxd5 Nxd5 17. gxf3 Nxe5 18. Kg2 Rad8 19. Rd1 Rd6 20. f4 Ng6 21. f5 Ne5 22.
Re1 Rdd8 23. a4 Kf8 24. Rd1 Rd7 25. Bb3 Red8 26. a5  1/2-1/2

[Event "Hotel Stockholm North by First hotels young talents -GM tournament"]
[Site "Johanneslundsvaegen 12, 194 61 Upplands Vaesby, Sweden"]
[Date "2025.02.18"]
[Round "4"]
[Board "5"]
[White "Kazakouski, Valery"]
[Black "Trost, Edvin"]
[Result "1/2-1/2"]
[WhiteElo "2538"]
[BlackElo "2462"]
[PlyCount "0"]
[EventDate "2025.02.17"]
[EventRounds "9"]
[EventCountry "SWE"]

1. e4 c5 2. Nf3 Nc6 3. Nc3 Nf6 4. Bb5 Nd4 5. a4 a6 6. Bd3 Nxf3+ 7. Qxf3 d6 8. Bc4
g6 9. d3 Bg7 10. O-O O-O 11. a5 Nd7 12. Qg3 Ne5 13. Bg5 h6 14. Bd2 Kh7 15. Qh4 Bd7
16. Bg5 f6 17. Bd2 g5 18. Qg3 f5 19. exf5 Nxc4 20. dxc4 Bxf5 21. h4 gxh4 22. Qxh4
e6 23. Qxd8 Raxd8 24. Rac1 Be5 25. Rfe1 Rd7 26. Nd1 Rg8 27. Bc3 Bf4 28. Ne3 Be4 29.
Rcd1 h5 30. g3 Bf3  1/2-1/2

[Event "Hotel Stockholm North by First hotels young talents -GM tournament"]
[Site "Johanneslundsvaegen 12, 194 61 Upplands Vaesby, Sweden"]
[Date "2025.02.19"]
[Round "5"]
[Board "1"]
[White "Trost, Edvin"]
[Black "Kanyamarala, Tarun"]
[Result "1-0"]
[WhiteElo "2462"]
[BlackElo "2396"]
[PlyCount "0"]
[EventDate "2025.02.17"]
[EventRounds "9"]
[EventCountry "SWE"]

1. e4 c5 2. Nf3 e6 3. c3 d5 4. exd5 exd5 5. Bb5+ Nc6 6. O-O Bd6 7. d4 Nf6 8. Re1+
Be6 9. Nbd2 O-O 10. dxc5 Bxc5 11. Nb3 Bb6 12. h3 Ne4 13. Be3 Bxe3 14. Rxe3 Qb6 15.
Qf1 Nd6 16. Bd3 Nf5 17. Bxf5 Bxf5 18. Nfd4 Be4 19. Qb5 Ne5 20. Nc5 Nc4 21. Re2 Qxb5
22. Nxb5 a6 23. Nd4 Rac8 24. b4 Nd6 25. f3 Bg6 26. Rae1 Rfd8 27. Re5 b6 28. Na4 Nc4
29. Re7 h6 30. Rb7 Rd6 31. Ree7 Kf8 32. Ra7 Na3 33. Reb7 b5 34. Nc5 Nb1 35. f4 Rf6
36. Nd7+ Kg8 37. Nxf6+  1-0

[Event "Hotel Stockholm North by First hotels young talents -GM tournament"]
[Site "Johanneslundsvaegen 12, 194 61 Upplands Vaesby, Sweden"]
[Date "2025.02.19"]
[Round "5"]
[Board "2"]
[White "Rohith, Krishna S"]
[Black "Kazakouski, Valery"]
[Result "1/2-1/2"]
[WhiteElo "2481"]
[BlackElo "2538"]
[PlyCount "0"]
[EventDate "2025.02.17"]
[EventRounds "9"]
[EventCountry "SWE"]

1. d4 d5 2. c4 c6 3. Nf3 Nf6 4. Nc3 dxc4 5. a4 Bf5 6. e3 e6 7. Bxc4 Bb4 8. O-O O-O
9. Qe2 Bg6 10. Ne5 Nbd7 11. Rd1 Qa5 12. Nxg6 hxg6 13. Qc2 c5 14. Na2 cxd4 15. Nxb4
Qxb4 16. Rxd4 Qe1+ 17. Bf1 Rac8 18. Qd1 Qxd1 19. Rxd1 Nc5 20. b4 Nb3 21. Rb1 Nxc1
22. Rdxc1 Ne4 23. Ra1 Rfd8 24. g3 Nc3 25. Rc2 Nd5 26. Rb2 Kf8 27. h4 Ke7 28. a5 Rd7
29. Bg2 Rc4 30. Rab1 Rdc7 31. Bf3  1/2-1/2

[Event "Hotel Stockholm North by First hotels young talents -GM tournament"]
[Site "Johanneslundsvaegen 12, 194 61 Upplands Vaesby, Sweden"]
[Date "2025.02.19"]
[Round "5"]
[Board "3"]
[White "Martinovici, Ilia"]
[Black "Bilovil, Bogdan"]
[Result "0-1"]
[WhiteElo "2477"]
[BlackElo "2465"]
[PlyCount "0"]
[EventDate "2025.02.17"]
[EventRounds "9"]
[EventCountry "SWE"]

1. d4 Nf6 2. c4 e6 3. Nc3 Bb4 4. f3 d5 5. a3 Be7 6. e4 dxe4 7. fxe4 c5 8. d5 exd5
9. exd5 O-O 10. Nf3 Bd6 11. Be2 Bg4 12. O-O Re8 13. Nb5 h6 14. Nxd6 Qxd6 15. Nd4
Re4 16. Nf5 Bxf5 17. Rxf5 Nbd7 18. Bd3 Rd4 19. Qf1 Re8 20. h3 Ne4 21. Bf4 Qg6 22.
g4 h5 23. Rxh5 Ndf6 24. Rh4 b5 25. b3 Nxd5 26. cxd5 c4 27. bxc4 Qf6 28. g5 Nxg5 29.
Kh2 Ne4 30. Bg3 Rxd3 31. Qxd3 Qb2+ 32. Kg1 Qxa1+ 33. Kg2 Qb2+ 34. Kg1 Nxg3 35. Qxg3
Qc1+ 36. Kf2 Qe1+  0-1

[Event "Hotel Stockholm North by First hotels young talents -GM tournament"]
[Site "Johanneslundsvaegen 12, 194 61 Upplands Vaesby, Sweden"]
[Date "2025.02.19"]
[Round "5"]
[Board "4"]
[White "Sivuk, Vitaly"]
[Black "Miezis, Normunds"]
[Result "1/2-1/2"]
[WhiteElo "2510"]
[BlackElo "2397"]
[PlyCount "0"]
[EventDate "2025.02.17"]
[EventRounds "9"]
[EventCountry "SWE"]

1. d4 Nf6 2. c4 e6 3. Nf3 Bb4+ 4. Nbd2 d5 5. Qa4+ Nc6 6. a3 Bxd2+ 7. Bxd2 Ne4 8.
e3 O-O 9. Qc2 a5 10. Bd3 f5 11. O-O Bd7 12. b4 Ne7 13. bxa5 Nc6 14. a6 bxa6 15. Rfc1
Rf6 16. Be1 Rh6 17. Rab1 Be8 18. cxd5 exd5 19. Rb7 Nd6 20. Rb2 Ne4 21. Qd1 Qd6 22.
Qb3 Rb8 23. Qxb8 Nxb8 24. Rxb8 Re6 25. Bxe4 fxe4 26. Bb4 c5 27. Rxe8+ Rxe8 28. dxc5
Qc7 29. Nd4 a5 30. Be1 Rb8 31. h3 Kf7 32. a4 g6 33. c6 Rc8 34. Rb1 Qd6 35. Rb7+ Kg8
36. Rd7 Qc5 37. Kh2 Rxc6 38. Bxa5 Rd6 39. Rxd6 Qxd6+ 40. Kg1 Qa6 41. Bc7 Qxa4 42.
g4 h5 43. gxh5 gxh5 44. h4 Qd7 45. Bg3 Qh3 46. Ne2 Kf7 47. Nf4 Qg4 48. Kh2 Qd1 49.
Kg2 Kf6 50. Nh3 Kf5 51. Ng5 Kg4 52. Ne6 Kf5 53. Nd4+ Kf6 54. Bf4 Qg4+ 55. Bg3 Ke7
56. Kh2 Kd7 57. Kg2 Kc8 58. Kh2 Kb7 59. Kg2 Kb6 60. Kh2 Kc5 61. Kg2 Kc4 62. Kh2 Kd3
63. Kg2 Qg7 64. Ne6 Qf7 65. Nd4 Qf6 66. Kh2 Kd2 67. Kg2 Ke1 68. Nc2+ Kd2  1/2-1/2

[Event "Hotel Stockholm North by First hotels young talents -GM tournament"]
[Site "Johanneslundsvaegen 12, 194 61 Upplands Vaesby, Sweden"]
[Date "2025.02.19"]
[Round "5"]
[Board "5"]
[White "Seo, Jung Min"]
[Black "Peng, Li Min"]
[Result "1/2-1/2"]
[WhiteElo "2495"]
[BlackElo "2512"]
[PlyCount "0"]
[EventDate "2025.02.17"]
[EventRounds "9"]
[EventCountry "SWE"]

1. d4 d5 2. Nf3 Nf6 3. c4 dxc4 4. e3 e6 5. Bxc4 a6 6. O-O c5 7. dxc5 Bxc5 8. Qxd8+
Kxd8 9. Be2 Ke7 10. Nbd2 Nc6 11. Nb3 Bd6 12. Bd2 Bd7 13. Rfc1 Rac8 14. Nc5 Bxc5 15.
Rxc5 Ne4 16. Rcc1 Nxd2 17. Nxd2 Nb8 18. Kf1 Rxc1+ 19. Rxc1 Rc8 20. Rxc8 Bxc8  1/2-1/2